Toxicología Forense / (Registro nro. 1040)
[ vista simple ]
| 000 -LEADER | |
|---|---|
| fixed length control field | 01239nam a2200373 a 4500 |
| 008 - CAMPO DE CONTROL (LIBRO) | |
| fixed length control field | 120604s2009 ag ||||f |||| 00| 0 spa d |
| 020 ## - INTERNATIONAL STANDARD BOOK NUMBER | |
| ISBN | 9789871573011 |
| 041 ## - CODIGO DE IDIOMA | |
| Código de idioma del texto/pista de sonido o título separado | spa |
| 092 ## - SIGNATURA TOPOGRAFICA DEWEY LOCAL | |
| número de clasificación | 614.1 |
| libristica | 84 |
| sección | TOX |
| 245 ## - TITULO PROPIAMENTE DICHO | |
| Título | Toxicología Forense / |
| Mención de responsabilidad y remanente de la transcripción de la portada | Oscar A. Locani |
| 250 ## - MENCION DE EDICION | |
| Mención de edición | 1a ed. |
| 260 ## - PIE DE IMPRENTA | |
| Lugar de publicación, distribución, etc | Buenos Aires: |
| Nombre de la editorial, distribuidor, etc | Dosyuna Ediciones Argentinas; |
| Fecha de publicación | 2009. |
| 300 ## - DESCRIPCION FISICA | |
| Extension | 399 p. |
| 500 ## - NOTA GENERAL | |
| Nota general | Locani, O. A. et al. (2009). Toxicología forense. (1a ed.). Buenos Aires : Dosyuna Ediciones Argentinas. |
| 590 ## - NOTAS LOCALES (RLIN) | |
| Nota local | Donacion Dr. Ismael HAMDAM MAYO 2012 |
| 653 ## - TÉRMINO INDIZADO - PALABRAS CLAVES | |
| Palabra clave | Toxicología Forense |
| 653 ## - TÉRMINO INDIZADO - PALABRAS CLAVES | |
| Palabra clave | Medicina Forense |
| 653 ## - TÉRMINO INDIZADO - PALABRAS CLAVES | |
| Palabra clave | Criminalistica |
| 653 ## - TÉRMINO INDIZADO - PALABRAS CLAVES | |
| Palabra clave | Accion de los Farmacos |
| 653 ## - TÉRMINO INDIZADO - PALABRAS CLAVES | |
| Palabra clave | Farmacocinetica y Toxicocinetica |
| 653 ## - TÉRMINO INDIZADO - PALABRAS CLAVES | |
| Palabra clave | Lugar del Hecho |
| 653 ## - TÉRMINO INDIZADO - PALABRAS CLAVES | |
| Palabra clave | Sistematica Analitica Toxicológica |
| 653 ## - TÉRMINO INDIZADO - PALABRAS CLAVES | |
| Palabra clave | Venenos |
| 653 ## - TÉRMINO INDIZADO - PALABRAS CLAVES | |
| Palabra clave | Venenos Metalicos |
| 653 ## - TÉRMINO INDIZADO - PALABRAS CLAVES | |
| Palabra clave | Hidroarsenicismo Cronico Regional Endemico |
| 653 ## - TÉRMINO INDIZADO - PALABRAS CLAVES | |
| Palabra clave | Investigacion de Toxicos y/o Venenos organicos fijos |
| 653 ## - TÉRMINO INDIZADO - PALABRAS CLAVES | |
| Palabra clave | Drogas de Abuso |
| 653 ## - TÉRMINO INDIZADO - PALABRAS CLAVES | |
| Palabra clave | Practicos |
| 700 1# - ENTRADAS SECUNDARIAS - NOMBRE PERSONAL | |
| Nombre personal | Locani, Oscar A. |
| 9 (RLIN) | 1718 |
| 700 1# - ENTRADAS SECUNDARIAS - NOMBRE PERSONAL | |
| Nombre personal | Jorge Ramires, Marcela |
| 9 (RLIN) | 1719 |
| 700 1# - ENTRADAS SECUNDARIAS - NOMBRE PERSONAL | |
| Nombre personal | Santos, María Laura |
| 9 (RLIN) | 1720 |
| 700 1# - ENTRADAS SECUNDARIAS - NOMBRE PERSONAL | |
| Nombre personal | Silva, Alejandro |
| 9 (RLIN) | 1721 |
| 942 ## - ADDED ENTRY ELEMENTS (KOHA) | |
| Source of classification or shelving scheme | Dewey Decimal Classification |
| Item type | Libros |
| Estado de retiro | Existencia | Fuente de clasificación | Estado general | No para prestamo | Colección | Ubicación permanente | ubicación actual | Fecha de adquisición | Total Checkouts | Total Renewals | Número de clasificación | Código de barras | Date last seen | Date last borrowed | Número de ejemplar | Price effective from | Koha tipo de elemento (item) | Public note |
|---|---|---|---|---|---|---|---|---|---|---|---|---|---|---|---|---|---|---|
| Dewey Decimal Classification | Reference | Biblioteca Medicina | Biblioteca Medicina | 04/06/2012 | 3 | 3 | 614.1; TOX; 84 | 2488 | 26/09/2019 | 24/09/2019 | Ej. 1 | 04/06/2012 | Reference | LIBRO DE CONSULTA. Donacion Dr. Ismael Hamdam mayo/2012 |